US housing briefing note (Record no. 108635)

MARC details
000 -LEADER
fixed length control field 01498cam a22002295a 4500
001 - CONTROL NUMBER
control field L144867
008 - FIXED-LENGTH DATA ELEMENTS--GENERAL INFORMATION
fixed length control field 110419s20080813xxkd f s 000 0 eng d
035 ## - SYSTEM CONTROL NUMBER
System control number (Sirsi) u144867
041 0# - LANGUAGE CODE
Language code of text/sound track or separate title eng
050 04 - LIBRARY OF CONGRESS CALL NUMBER
Classification number 306 $2 18
110 2# - MAIN ENTRY--CORPORATE NAME
Corporate name or jurisdiction name as entry element Royal Institution of Chartered Surveyors
Subordinate unit Economics
9 (RLIN) 5033
245 00 - TITLE STATEMENT
Title US housing briefing note
Remainder of title August 2008
Medium [electronic resource]
260 ## - PUBLICATION, DISTRIBUTION, ETC.
Place of publication, distribution, etc. London
Name of publisher, distributor, etc. RICS
Date of publication, distribution, etc. 2008
505 2# - FORMATTED CONTENTS NOTE
Formatted contents note Introduction -- Key indicators of American housing sales -- Conclusion
520 ## - SUMMARY, ETC.
Summary, etc. Briefing note looks at key indicators of American housing sales in an attempt to look for evidence that the recent fall in prices is coming to an end. Indicators reviewed include affordability; mortgage interest rates and the labour market. Article concludes by saying that RICS believes that concurrent improvement in the MBA purchase index; the pending home sales index and in new home sales volumes must be seen over three to six months before we can say that a bottom has been reached. Regardless of this, the glut of unsold and vacant homes in the US market means that improvements to house prices are unlikely to occur quickly, even in the event of a halt to the current declining trend.
521 ## - TARGET AUDIENCE NOTE
Target audience note Advanced
650 24 - SUBJECT ADDED ENTRY--TOPICAL TERM
Topical term or geographic name entry element US HOUSING BRIEFING NOTE
651 #4 - SUBJECT ADDED ENTRY--GEOGRAPHIC NAME
Geographic name United States
Chronological subdivision 1959-
690 ## - LOCAL SUBJECT ADDED ENTRY--TOPICAL TERM (OCLC, RLIN)
Topical term or geographic name as entry element Residential property
9 (RLIN) 6266
856 48 - ELECTRONIC LOCATION AND ACCESS
Uniform Resource Identifier <a href="https://www.rics.org/site/download_feed.aspx?fileID=901&fileExtension=PDF">https://www.rics.org/site/download_feed.aspx?fileID=901&fileExtension=PDF</a>
Public note View the item free of charge online at www.rics.org
942 ## - ADDED ENTRY ELEMENTS (KOHA)
Suppress in OPAC 0
Holdings
Withdrawn status Lost status Source of classification or shelving scheme Damaged status Not for loan Home library Current library Shelving location Date acquired Total Checkouts Full call number Barcode Date last seen Copy number Price effective from Koha item type
    Dewey Decimal Classification     Virtual Virtual Online 14/08/2008   ONLINE PUBLICATION 144867-1001 06/08/2019 1 06/08/2019 Book